000 00584nam a22001937a 4500
999 _c1397
_d1397
003 AR-CdUCM
008 190226b ||||| |||| 00| 0 spa d
040 _aMUNICIPALIDAD PROVINCIAL DEL CUSCO
_cBIBLIOTECA MUNICIPAL DEL CUSCO
082 _a869.56 /
_bT37
100 _aTenicela Ponce, Juan M.
_95317
245 _aAguila negra /
260 _aLima :
_bPershin Alvarado Jiménez,
_c2004.
300 _a128 páginas ;
_c21 cm.
650 _aLiteratura peruana
_9169
650 _aPoesías peruanas
_91481
650 _aPoesías siglo XX
_93861
942 _2ddc
_cLIBROS
945 _azta